Pestrofarebné balóny zahltili košickú oblohu

Bibliographic Details
Main Author: Kizek, Marián (Author)
Format: Article
Language:Slovak
PhysicalDescription:Fotogr.
ISSN:1335-4566
Subjects:
Online Access:www.korzar.sk

MARC

LEADER 00000nab a2200000 a 4500
001 vtls008997309
003 SK-MaSNL
005 20260303065803.0
008 070608c20070608xo drz 0 0slo
038 |a KEVKJB 
040 |a KEVKJB  |b slo  |c KEVKJB  |e AACR2 
041 0 |a slo 
044 |a xo  |c SK 
080 |a 797.54  |2 2001 
100 1 |a Kizek, Marián  |4 aut  |9 877271 
245 1 0 |a Pestrofarebné balóny zahltili košickú oblohu  |c Marián Kizek 
300 |b Fotogr. 
611 2 7 |a U.S.Steel Balloon Cup  |n (14. :  |d 2007 :  |c Košice, Slovensko)  |2 kevkjb  |9 1066317 
611 1 7 |a balónová fiesta  |2 kevkjb  |9 879707 
650 0 7 |a teplovzdušné balóny  |2 kevkjb  |9 29891 
651 7 |a Košice (Slovensko)  |2 kevkjb  |9 18694 
773 0 |t Košický denník Korzár  |g Roč. X, č. 131 (8.6.2007), s. 1  |x 1335-4566 
852 |a KEVKJB  |b KIS3GCP 
856 4 1 |u www.korzar.sk 
999 |c 1752697  |d 1754627